书目信息 |
| 题名: |
汽车保险与理赔
|
|
| 作者: | 曾鑫 编著 | |
| 分册: | ||
| 出版信息: | 北京 人民邮电出版社 2016.08 |
|
| 页数: | 224页 | |
| 开本: | 26cm | |
| 丛书名: | ||
| 单 册: | ||
| 中图分类: | F842.63 | |
| 科图分类: | ||
| 主题词: | 汽车保险--qi che bao xian--中国--职业教育--教材 , 汽车保险--qi che bao xian--理赔--中国--职业教育--教材 | |
| 电子资源: | ||
| ISBN: | 978-7-115-42182-1 | |
| 000 | 00986nam0 2200289 450 | |
| 001 | CAL 0120162042369 | |
| 005 | 20161201134200.9 | |
| 010 | @a978-7-115-42182-1@b@dCNY36.00 | |
| 100 | @a20161130d2016 em y0chiy50 ea | |
| 101 | 0 | @achi |
| 102 | @aCN@b110000 | |
| 105 | @ak a 000yy | |
| 106 | @ar | |
| 200 | 1 | @a汽车保险与理赔@Aqi che bao xian yu li pei@f曾鑫编著@g |
| 205 | @a第2版 | |
| 210 | @a北京@c人民邮电出版社@d2016.08 | |
| 215 | @a224页@c@d26cm | |
| 320 | @a有书目 | |
| 330 | @a本书内容包括汽车保险的基本概念原则、国内外险种、投保与续保、核保与承保、事故索赔与理赔、定损与核损等内容, 对我国常见险种理赔的计算进行阐述。 | |
| 333 | @a职业院校汽车类“十三五”微课版创新教材 | |
| 606 | 0 | @a汽车保险@Aqi che bao xian@y中国@x职业教育@j教材 |
| 606 | 0 | @a汽车保险@Aqi che bao xian@x理赔@y中国@x职业教育@j教材 |
| 690 | @aF842.63@v5 | |
| 701 | 0 | @a曾鑫@Azeng xin@4编著 |
| 801 | 0 | @aCN@b人天书店@c20161130@g |
| 905 | @aBZT@dF842.63@e1=2 | |
| 906 | @dCNY36.00@n3@r1 | |
| 汽车保险与理赔/曾鑫编著.-第2版.-北京:人民邮电出版社,2016.08 |
| 224页;26cm |
| 使用对象:职业院校汽车类“十三五”微课版创新教材 |
| ISBN 978-7-115-42182-1:CNY36.00 |
| 本书内容包括汽车保险的基本概念原则、国内外险种、投保与续保、核保与承保、事故索赔与理赔、定损与核损等内容, 对我国常见险种理赔的计算进行阐述。 |
| ● |
| 相关链接 |
|
|
|
正题名:汽车保险与理赔
索取号:F842.63/1=2
 
预约/预借
| 序号 | 登录号 | 条形码 | 馆藏地/架位号 | 状态 | 备注 |
| 1 | 833969 | 2000833969 | 第二书库/ [索取号:F842.63/1=2] | 在馆 | |
| 2 | 833970 | 2000833970 | 第二书库/ [索取号:F842.63/1=2] | 在馆 | |
| 3 | 833971 | 2000833971 | 第二书库/ [索取号:F842.63/1=2] | 在馆 |